| 000 | 01198cam a22003134a 4500 | ||
|---|---|---|---|
| 001 | 13401178 | ||
| 003 | OSt | ||
| 005 | 20211226154359.0 | ||
| 008 | 031112s2004 ctua b 001 0 eng | ||
| 010 | _a 2003115304 | ||
| 020 | _a0300103050 (pbk.) | ||
| 040 |
_aDLC _cHU _dDLC |
||
| 050 | 0 | 0 |
_aJZ1318 _b.S583 2004 |
| 082 | 0 | 0 |
_a303.48/2SIN2004 _222 |
| 100 | 1 |
_aSinger, Peter, _d1946- _925213 |
|
| 245 | 1 | 0 |
_aOne world : _bthe ethics of globalization / _cPeter Singer. |
| 250 | _a2nd ed. | ||
| 260 |
_aNew Haven : _bYale University Press, _c2004. |
||
| 300 |
_axxv, 235 p. : _bill. ; _c20 cm. |
||
| 490 | 0 | _aThe Terry lecture series | |
| 504 | _aIncludes bibliographical references (p. 203-225) and index. | ||
| 650 | 0 |
_aGlobalization _xMoral and ethical aspects. _925214 |
|
| 650 | 0 |
_aClimatic changes _xMoral and ethical aspects. _925215 |
|
| 650 | 0 |
_aForeign trade regulation _xMoral and ethical aspects. _925216 |
|
| 906 |
_a7 _bcbc _corigcop _d1 _eepcn _f20 _gy-gencatlg |
||
| 942 |
_2ddc _cBOOKS _n0 |
||
| 999 |
_c24168 _d24168 |
||